00330nam a2200121Ia 4500008004100000041000800041082001500049100001800064245004500082260004200127300003000169365000900199240624s9999 xx 000 0 und d aeng a791.45 TEM aTEMPORAL PAUL aBRANDING OF MTV WILL INTERNET KILL THE V c2008aNew JerseybJohn Wiley and Sons axi, : 246 : p. : cm. ; 24 cb30